Le geografie di Pasolini : testimonianze di vita /
Saved in:
| Hovedforfatter: | |
|---|---|
| Format: | Bog |
| Sprog: | italiensk |
| Udgivet: |
Novate Milanese :
Prospero,
©2025
|
| Serier: | Erodotea ;
14 |
| Fag: | |
| Tags: |
Ingen Tags, Vær først til at tagge denne postø!
|
MARC
| LEADER | 00000nam a2200000 i 4500 | ||
|---|---|---|---|
| 001 | IT\ICCU\MIL\1158585 | ||
| 003 | ItRI | ||
| 005 | 20260220132020.0 | ||
| 008 | 251110s2025 it |||||| ||||| |||||c | ||
| 020 | |a 9791281091610 | ||
| 040 | |b ita |c NP | ||
| 041 | 7 | |a ita |2 ISO-639-2 | |
| 082 | |a 850.994539 |2 23 | ||
| 100 | 1 | |a Agostoni, Claudio |0 IT\ICCU\LO1V\339579 |4 aut | |
| 240 | 1 | 3 | |a Le geografie di Pasolini |9 Agostoni, Claudio |
| 245 | 1 | 3 | |a Le geografie di Pasolini : |b testimonianze di vita / |c Claudio Agostoni. |
| 260 | |a Novate Milanese : |b Prospero, |c ©2025 | ||
| 300 | |a 190 p. : |b ill., 1 ritratto ; |c 19 cm | ||
| 650 | 7 | |a Pasolini, Pier Paolo | |
| 830 | 0 | |a Erodotea ; |v 14 |0 IT\ICCU\MIL\1004611 | |
| 942 | |2 ddc |c BK |n 0 | ||
| 952 | |0 0 |1 0 |2 ddc |4 0 |6 850_994539000000000_AGO_GEO |7 0 |9 33111 |a RO |b RO |d 2026-02-20 |l 0 |o 850.994539 AGO GEO |p 11703 |r 2026-02-20 13:22:38 |w 2026-02-20 |y BK |z Con dedica dell'autore | ||
| 981 | 1 | |6 z01 |a i |b xxxe | |
| 982 | 1 | |6 z01 |a n | |
| 999 | |c 28770 |d 28770 | ||